000 00789cam a22002531 4500
001 sa 67002873
003 DLC
005 20260227112334.0
008 890919s1966 ii ab b 000 0 hino
010 _asa 67002873
035 _a(OCoLC)20366175
040 _aDLC
_cWaU
_dDLC
042 _apremarc
043 _aa-ii---
050 0 0 _aDS485.R2
_bB5
100 1 _aBhargava, Visheshwar Sarup,
_d1930-
245 1 0 _aMadhyakālīna Rājasthāna kā itihāsa.
_bHistory of mediaevan Rajasthan from 8th to 18th century,
_cby V.S. Bhargava.
260 _c[1966]
300 _axvi, 330 p.
_billus., map.
_c23 cm.
500 _aIn Hindi.
504 _aIncludes bibliographies.
651 0 _aRajasthan (India)
_xHistory.
740 0 _aHistory of mediaeval Rajasthan from 8th to 18th century.
999 _c73495
_d73495